Character toys and collectibles. (Record no. 20136)
[ view plain ]
| 000 -LEADER | |
|---|---|
| fixed length control field | 00890cam a2200253 a 4500 |
| 001 - CONTROL NUMBER | |
| control field | 3403828 |
| 005 - DATE AND TIME OF LATEST TRANSACTION | |
| control field | 20170118141013.0 |
| 008 - FIXED-LENGTH DATA ELEMENTS--GENERAL INFORMATION | |
| fixed length control field | 891216s1987 kyua b 000 0 eng |
| 010 ## - LIBRARY OF CONGRESS CONTROL NUMBER | |
| LC control number | 89127596 |
| 020 ## - INTERNATIONAL STANDARD BOOK NUMBER | |
| International Standard Book Number | 0891453415 : |
| Terms of availability | $19.95 |
| 050 00 - LIBRARY OF CONGRESS CALL NUMBER | |
| Classification number | NK9509.95.C43L662 1987 |
| 100 1# - MAIN ENTRY--PERSONAL NAME | |
| Personal name | Longest, David. |
| 245 10 - TITLE STATEMENT | |
| Title | Character toys and collectibles. |
| Number of part/section of a work | Second series / |
| Statement of responsibility, etc. | by David Longest. |
| 260 ## - PUBLICATION, DISTRIBUTION, ETC. (IMPRINT) | |
| Place of publication, distribution, etc. | Paducah, KY : |
| Name of publisher, distributor, etc. | Collectible Books, |
| Date of publication, distribution, etc. | c1987. |
| 300 ## - PHYSICAL DESCRIPTION | |
| Extent | 254 p. : |
| Other physical details | col. ill. ; |
| Dimensions | 29 cm. |
| 504 ## - BIBLIOGRAPHY, ETC. NOTE | |
| Bibliography, etc | Bibliography: p. 254. |
| 650 #0 - SUBJECT ADDED ENTRY--TOPICAL TERM | |
| Topical term or geographic name as entry element | Character toys |
| General subdivision | Collectors and collecting. |
| 650 #0 - SUBJECT ADDED ENTRY--TOPICAL TERM | |
| Topical term or geographic name as entry element | Comic art paraphernalia |
| General subdivision | Collectors and collecting. |
| 942 ## - ADDED ENTRY ELEMENTS (KOHA) | |
| Source of classification or shelving scheme | |
| Koha item type | Hard Covered Materials |
| Classification part | NK9509.95.C43L662 1987 |
| Withdrawn status | Lost status | Source of classification or shelving scheme | Damaged status | Not for loan | Home library | Current library | Shelving location | Date acquired | Source of acquisition | Total Checkouts | Full call number | Barcode | Date last seen | Price effective from | Koha item type |
|---|---|---|---|---|---|---|---|---|---|---|---|---|---|---|---|
| MACHAKOS UNIVERSITY LIBRARY | MACHAKOS UNIVERSITY LIBRARY | Open shelf | 18/01/2017 | Donation(BFA) | NK9509.95.C43L662 1987 | 29793 | 20/01/2017 | 18/01/2017 | Hard Covered Materials |